A bird's best friend / (Record no. 4378)

MARC details
000 -LEADER
fixed length control field 00982cam a2200289 a 4500
005 - DATE AND TIME OF LATEST TRANSACTION
control field 20240816111134.0
020 ## - INTERNATIONAL STANDARD BOOK NUMBER
International Standard Book Number 0307621189 (lib. bdg.)
040 ## - CATALOGING SOURCE
Original cataloging agency DLC
Transcribing agency DLC
Modifying agency DLC
Language of cataloging eng
050 00 - LIBRARY OF CONGRESS CALL NUMBER
Classification number PZ7.S6973
082 00 - DEWEY DECIMAL CLASSIFICATION NUMBER
Classification number 813.54
100 1# - MAIN ENTRY--PERSONAL NAME
Personal name Sommers, Tish
245 12 - TITLE STATEMENT
Title A bird's best friend /
Statement of responsibility, etc. by Tish Sommers ; illustrated by Maggie Swanson
260 ## - PUBLICATION, DISTRIBUTION, ETC.
Place of publication, distribution, etc. New York :
Name of publisher, distributor, etc. Western Pub. Co. in conjunction with Children's Television Workshop,
Date of publication, distribution, etc. 1986
300 ## - PHYSICAL DESCRIPTION
Extent 25 unnumbered pages :
Other physical details color illustrations ;
Dimensions 22 cm.
490 ## - SERIES STATEMENT
Series statement Sesame Street: A Growing-Up Book
505 ## - FORMATTED CONTENTS NOTE
Formatted contents note F <br/>
520 ## - SUMMARY, ETC.
Summary, etc. Big Bird learns that taking care of a puppy is a big responsibility.
521 ## - TARGET AUDIENCE NOTE
Target audience note 300 <br/>
Source Lexile estimate <br/>
521 ## - TARGET AUDIENCE NOTE
Target audience note F <br/>
Source Raz-Plus <br/>
650 #1 - SUBJECT ADDED ENTRY--TOPICAL TERM
Topical term or geographic name entry element Dogs
General subdivision Fiction.
650 #1 - SUBJECT ADDED ENTRY--TOPICAL TERM
Topical term or geographic name entry element Responsibility
General subdivision Fiction.
650 #1 - SUBJECT ADDED ENTRY--TOPICAL TERM
Topical term or geographic name entry element Puppets
General subdivision Fiction.
700 1# - ADDED ENTRY--PERSONAL NAME
Personal name Swanson, Maggie
Relator term illustrator
906 ## - LOCAL DATA ELEMENT F, LDF (RLIN)
a 7
b cbc
c orignew
d 2
e ocip
f 19
g y-gencatlg
942 ## - ADDED ENTRY ELEMENTS (KOHA)
Source of classification or shelving scheme Dewey Decimal Classification
Koha item type Books
Suppress in OPAC No
999 ## -
-- 4378
-- 4378
Holdings
Withdrawn status Lost status Source of classification or shelving scheme Damaged status Not for loan Collection Home library Current library Shelving location Date acquired Total Checkouts Full call number Barcode Date last seen Price effective from Koha item type
    Dewey Decimal Classification     Juvenile Fiction Footprints International School Library Network Toul Kork Campus Footprints International School Library Network Toul Kork Campus   08/16/2024   TIS 813.54 PZ7.S6973 FISBK073242 08/16/2024 08/16/2024 Books